[Event "ch-FRA Top 16 GpB"]
[Site "Vandoeuvre FRA"]
[Date "2005.02.05"]
[Round "2"]
[White "Tkachiev,V"]
[Black "Bijaoui,M"]
[Result "1-0"]
[WhiteElo "2609"]
[BlackElo "2345"]

1.d4 Nf6 2.c4 g6 3.Nc3 Bg7 4.e4 d6 5.Bd3 O-O 6.Nge2 e5 7.d5 a5 8.O-O Na6
9.f3 Bd7 10.Be3 Nc5 11.Bc2 Qe8 12.Qd2 Kh8 13.Kh1 Ng8 14.Rae1 f5 15.exf5 gxf5
16.f4 b6 17.fxe5 dxe5 18.Ng3 Qg6 19.Qf2 Qg4 20.Bxc5 bxc5 21.Qxc5 Qd4 22.Qxd4 exd4
23.Nb5 Bxb5 24.cxb5 Nf6 25.d6 cxd6 26.Nxf5 Nd5 27.Be4 Rae8 28.Nxd6 Ne3 29.Nxe8 Nxf1
30.Nxg7 Kxg7 31.Kg1 Ne3 32.Rc1  1-0

[Event "Open"]
[Site "Coventry ENG"]
[Date "2005.03.24"]
[Round "1"]
[White "Martyn,R"]
[Black "Tkachiev,V"]
[Result "0-1"]
[WhiteElo "2281"]
[BlackElo "2609"]

1.d4 d6 2.Nf3 g6 3.c4 Bg7 4.Nc3 Bg4 5.e3 Nf6 6.h3 Bf5 7.Bd3 Bxd3 8.Qxd3 O-O
9.O-O a6 10.b3 Nbd7 11.Bb2 c6 12.e4 e5 13.Rad1 Re8 14.d5 Nc5 15.Qc2 Qb6 16.Ba3 Rac8
17.Rfe1 Bf8 18.Qd2 Ncd7 19.dxc6 Rxc6 20.Nd5 Nxd5 21.Qxd5 Nf6 22.Qd2 Qc7 23.Bb4 b5
24.cxb5 axb5 25.Rc1 Nxe4 26.Qe3 Nf6 27.Rxc6 Qxc6 28.Rc1 Qa8 29.Qe2 Nd5 30.Bd2 e4
31.Nd4 Qxa2 32.Nxb5 Qxb3 33.Be3 Nxe3 34.fxe3 Bh6 35.Rc3 Qb4 36.Rc6 Bxe3+
37.Qxe3 Qb1+ 38.Kh2 Qxb5 39.Rxd6 Qb8 40.Qf4 Re6  0-1

[Event "Open"]
[Site "Coventry ENG"]
[Date "2005.03.26"]
[Round "5"]
[White "Cox,JJ"]
[Black "Tkachiev,V"]
[Result "0-1"]
[WhiteElo "2311"]
[BlackElo "2609"]

1.d4 Nf6 2.c4 g6 3.Nc3 Bg7 4.e4 d6 5.Nf3 O-O 6.h3 Na6 7.Bg5 c6 8.Nd2 Nc7
9.Be2 Ne6 10.Be3 c5 11.Nb3 cxd4 12.Nxd4 Nc5 13.Qc2 Bd7 14.Rd1 Rc8 15.O-O Qe8
16.f4 Bh6 17.g4 e5 18.Nf5 gxf5 19.g5 Bxg5 20.fxg5 Nfxe4 21.Bxc5 Nxc3 22.Bxd6 Nxd1
23.Rxd1 Qe6 24.c5 Rfe8 25.Kh2 Bc6 26.Rg1 Rcd8 27.Bc4 Qg6 28.h4 Rxd6 29.cxd6 Rd8
30.Rf1 Be4 31.Bd3 Bxd3 32.Qxd3 Rxd6 33.Qxf5 Qxf5 34.Rxf5 Rd2+ 35.Kg3 Rxb2
36.Rxe5 Rxa2 37.h5 Kg7 38.Re7 Rb2 39.Rd7 Rb6 40.Kf4 a5 41.Kf5 a4  0-1

[Event "Open"]
[Site "Coventry ENG"]
[Date "2005.03.28"]
[Round "8"]
[White "Tkachiev,V"]
[Black "Hunt,A"]
[Result "1/2-1/2"]
[WhiteElo "2609"]
[BlackElo "2434"]

1.g3 g6 2.Bg2 Bg7 3.d4 d6 4.Nc3 Nd7 5.e4 e5 6.Nge2 exd4 7.Nxd4 Ngf6 8.O-O O-O
9.h3 Re8 10.Re1 Nc5 11.Nb3 Nxb3 12.axb3 Bd7 13.Bf4 Bc6 14.Qd2 Qd7 15.b4 a6
16.Re2 Qe6 17.Rae1 Qc4 18.Nd5 Nxd5 19.exd5 Rxe2 20.Rxe2 Bb5 21.Re4 Qa2 22.Re7 Rc8
23.c3 Bf6 24.Re1 Re8 25.Rxe8+ Bxe8 26.Qe3 Bb5 27.Bh6 Bg7 28.Bxg7 Kxg7 29.Qd4+ Kg8
30.Qd2 Bc4 31.h4 Qb1+ 32.Kh2 Bf1 33.Bf3 Qf5 34.Qe3 Bc4 35.g4 Qe5+ 36.Qxe5 dxe5
37.d6 cxd6 38.Bxb7 Kf8 39.g5 Ke7 40.b3 Bxb3 41.Bxa6 d5 42.Kg3 f6 43.Kf3 f5
44.Ke3 Bc4 45.Bxc4 dxc4 46.Kf3 Kd6 47.Kg3 Kc6 48.h5 Kd5 49.h6 Kc6 50.Kf3 Kd5
51.Ke3 Kc6 52.Kf3 Kd5 53.Ke3  1/2-1/2

[Event "Open"]
[Site "Nice FRA"]
[Date "2005.08.06"]
[Round "7"]
[White "Dunis,A"]
[Black "Tkachiev,V"]
[Result "0-1"]
[WhiteElo "2485"]
[BlackElo "2625"]

1.d4 Nf6 2.c4 e6 3.Nf3 d5 4.cxd5 exd5 5.Nc3 c6 6.Bg5 Bf5 7.Bxf6 Qxf6 8.Qb3 Nd7
9.Qxb7 Rb8 10.Qa6 Rxb2 11.Qc8+ Qd8 12.Qxc6 Bb4 13.Rc1 O-O 14.g4 Bc2  0-1

[Event "TCh-FRA Top 16 Gp B"]
[Site "Gonfreville FRA"]
[Date "2006.03.31"]
[Round "5"]
[White "Tkachiev,V"]
[Black "Doettling,F"]
[Result "1/2-1/2"]
[WhiteElo "2642"]
[BlackElo "2542"]

1.c4 e6 2.g3 d5 3.Bg2 Nf6 4.Nf3 dxc4 5.Qa4+ Nbd7 6.Qxc4 a6 7.Qc2 c5 8.d4 b6
9.O-O Bb7 10.Rd1 Rc8 11.Nc3 cxd4 12.Nxd4 Bxg2 13.Kxg2 Qc7 14.Bg5 Qb7+ 15.Nf3 Be7
16.Kg1 O-O 17.Rac1 b5 18.a3 Nb6 19.Qb1  1/2-1/2

[Event "TCh-FRA Top 16 Gp B"]
[Site "Gonfreville FRA"]
[Date "2006.04.02"]
[Round "7"]
[White "Tkachiev,V"]
[Black "Schenk,An"]
[Result "1/2-1/2"]
[WhiteElo "2642"]
[BlackElo "2495"]

1.d4 Nf6 2.c4 e6 3.Nf3 d5 4.g3 dxc4 5.Bg2 Nc6 6.Qa4 Bb4+ 7.Bd2 Bd6 8.Na3 Bxa3
9.Qxa3 Ne4 10.Be3 Qd6 11.Rc1 Qxa3 12.bxa3 Nd6 13.Ne5 Bd7 14.O-O f6 15.Nxc4 Nf5
16.Rfd1 Nxe3 17.Nxe3 O-O-O 18.Nc4 Rhe8 19.e3 Kb8 20.Rb1 a6 21.Rdc1 Ka7 22.Nd2 Rb8
23.Nb3 Re7 24.Rc3 Be8 25.Rbc1 Rd8 26.f4 Rc8 27.Bh3 Rd8 28.Bg2 Rc8 29.Kf2 Rd8
30.g4 Rd6 31.Nd2 Rd8 32.Nb3 Rd6 33.f5 exf5 34.gxf5 Bd7 35.Rc5 Kb8 36.h3 Be8
37.R5c3 Nd8 38.Na5 Bf7 39.Rb1 Bd5 40.Nc4 Bxc4 41.Rxc4 c6 42.Rc5 Kc7 43.Bf3 Nf7
44.h4 Rd8 45.Rbc1  1/2-1/2

[Event "XIII TCh-RUS"]
[Site "Sochi RUS"]
[Date "2006.04.20"]
[Round "1"]
[White "Dyachkov,S"]
[Black "Tkachiev,V"]
[Result "0-1"]
[WhiteElo "2548"]
[BlackElo "2643"]

1.d4 Nf6 2.c4 e6 3.g3 d5 4.Bg2 Bb4+ 5.Nd2 O-O 6.Nf3 b6 7.O-O Bb7 8.cxd5 exd5
9.Ne5 Re8 10.Ndf3 h6 11.Bf4 Bf8 12.Qb3 Na6 13.Nd3 Qe7 14.Be5 Ne4 15.Rad1 Rad8
16.Nh4 c5 17.Nf4 cxd4 18.Bxd4 Nac5 19.Qf3 Ne6 20.Nf5 Qg5 21.Nxe6 fxe6 22.Nh4 Nd2
23.Rxd2 Qxd2 24.e3 Ba6 25.Bc3 Qe2 26.Qf4 Qh5 27.Re1 Qf7 28.Qa4 Bd3 29.Nf3 Bd6
30.Ne5 Bxe5 31.Bxe5 Rc8 32.Qd4 Rc2 33.f3 Qg6 34.e4 dxe4 35.fxe4 Re2 36.Rxe2 Bxe2
37.Bd6 Rd8 38.Qb4 Qg5 39.h4 Qe3+ 40.Kh2 Bf3  0-1

[Event "ch-Euro Blitz"]
[Site "Ajaccio FRA"]
[Date "2007.10.25"]
[Round "3"]
[White "Gil,L"]
[Black "Tkachiev,V"]
[Result "0-1"]
[WhiteElo "1854"]
[BlackElo "2661"]

1.d4 d6 2.e3 g6 3.Bd3 Bg7 4.f4 e5 5.fxe5 dxe5 6.dxe5 Nd7 7.Nf3 Nxe5 8.Nxe5 Bxe5
9.O-O Ne7 10.Nc3 O-O 11.Bd2 Nc6 12.Rb1 Be6 13.b3 Qe7 14.Ne4 Rad8 15.Qe1 Bd5
16.Ng3 Rfe8 17.e4 Be6 18.Bh6 Nb4 19.a4 Nxd3 20.cxd3 Rxd3 21.Bf4 Bxf4 22.Rxf4 Rxb3
23.h4 Qc5+ 24.Kh2 Qe5 25.Rf3 Rxf3 26.gxf3 b6 27.h5  0-1

[Event "ch-Euro Blitz"]
[Site "Ajaccio FRA"]
[Date "2007.10.25"]
[Round "4"]
[White "Tkachiev,V"]
[Black "Gil,L"]
[Result "1-0"]
[WhiteElo "2661"]
[BlackElo "1854"]

1.e4 e6 2.d4 a6 3.Nf3 b5 4.a4 Bb7 5.Nbd2 Nf6 6.e5 Nd5 7.axb5 axb5 8.Rxa8 Bxa8
9.Bxb5 c6 10.Bd3 f5 11.exf6 Nxf6 12.Ne4 Be7 13.c3 Qa5 14.O-O c5 15.Qc2 Bxe4
16.Bxe4 Nxe4 17.Qxe4 d5 18.Qxe6  1-0

[Event "ch-Euro Blitz"]
[Site "Ajaccio FRA"]
[Date "2007.10.25"]
[Round "6"]
[White "Tkachiev,V"]
[Black "Massoni,M"]
[Result "1-0"]
[WhiteElo "2661"]
[BlackElo "2153"]

1.e4 c5 2.Nf3 e6 3.c3 d5 4.exd5 exd5 5.d4 Nf6 6.Bb5+ Nc6 7.O-O Be7 8.dxc5 O-O
9.Be3 Bg4 10.Nbd2 Qc7 11.b4 Ne4 12.Qc2 f5 13.Bd4 Bf6 14.Bxc6 bxc6 15.h3 Bh5
16.Bxf6 Rxf6 17.Nd4 Bg6 18.f3 Ng5 19.N2b3 Qg3 20.Kh1 Qh4 21.Qf2 Qh5 22.Qg3 Bf7
23.Rae1 Rg6 24.Qh2 Rf8 25.Re7 Ne6 26.Nxe6 Bxe6 27.Nd4 Bc8 28.Rfe1 Qh4  1-0

[Event "ch-Euro Blitz"]
[Site "Ajaccio FRA"]
[Date "2007.10.25"]
[Round "7"]
[White "Prie,E"]
[Black "Tkachiev,V"]
[Result "0-1"]
[WhiteElo "2532"]
[BlackElo "2661"]

1.d4 Nf6 2.Nf3 d5 3.a3 e6 4.Bg5 c5 5.c3 Nbd7 6.e3 Bd6 7.Nbd2 O-O 8.Bd3 e5
9.dxe5 Nxe5 10.Nxe5 Bxe5 11.Nf3 Bc7 12.Bc2 Be6 13.Qd3 g6 14.O-O Kg7 15.Rad1 Qe8
16.Rfe1 Ne4 17.c4 Nxg5 18.Nxg5 Bf5 19.Qc3+ Be5 20.Qb3 dxc4 21.Qxc4 b5 22.Qe2 Bxc2
23.Qxc2 Qc6 24.Nf3 Bf6 25.e4 Rad8 26.Rc1 c4 27.b3 Be7 28.Qb2+ Kg8 29.bxc4 bxc4
30.Ne5 Qf6 31.Rxc4 Rfe8 32.Qa1 Qa6 33.Rc3 Bf6 34.f4 Rxe5 35.fxe5 Bxe5 36.Qc1 Qb6+
37.Kh1 Bxc3 38.Qxc3 Qd4 39.Qf3 Qe5 40.h3 Rd7 41.Rc1 Re7 42.Rc4 Kg7 43.Ra4 h5
44.h4 Rc7 45.Qd1 Qg3 46.Qd4+ Kh7 47.Rc4 Qe1+ 48.Kh2 Qg1+ 49.Kxg1 Rb7 50.Rc1 Re7
51.Rd1 Rd7 52.Qg7+ Kxg7 53.Kf2 Kf6 54.Kg3 Ke5  0-1

[Event "ch-Euro Blitz"]
[Site "Ajaccio FRA"]
[Date "2007.10.25"]
[Round "8"]
[White "Tkachiev,V"]
[Black "Prie,E"]
[Result "1-0"]
[WhiteElo "2661"]
[BlackElo "2532"]

1.d4 d5 2.c4 c6 3.Nf3 Nf6 4.e3 Bg4 5.cxd5 Bxf3 6.Qxf3 cxd5 7.Nc3 Nc6 8.Bd2 e6
9.Bd3 Rc8 10.O-O Bd6 11.Qe2 O-O 12.f4 a6 13.Rac1 Bb4 14.Qf3 Na5 15.Be1 Nc4
16.Nxd5 Bxe1 17.Nxf6+ Qxf6 18.Rfxe1 Nxb2 19.Rxc8  1-0

[Event "ch-Euro Blitz"]
[Site "Ajaccio FRA"]
[Date "2007.10.25"]
[Round "9"]
[White "Mikhalevski,V"]
[Black "Tkachiev,V"]
[Result "0-1"]
[WhiteElo "2584"]
[BlackElo "2661"]

1.d4 d5 2.c4 c6 3.Nf3 Nf6 4.Nc3 dxc4 5.a4 e6 6.e3 c5 7.Bxc4 Nc6 8.O-O cxd4
9.exd4 Be7 10.Bg5 O-O 11.Qd2 Bd7 12.Rfd1 Nb4 13.Ne5 Bc6 14.a5 Rc8 15.a6 bxa6
16.Bxa6 Nxa6 17.Rxa6 Ne4 18.Nxe4 Bxe4 19.Bxe7 Qxe7 20.Rda1 Rc7 21.h3 Rb8
22.Qa5 Rbb7 23.Qa3 Qg5 24.f3 Rc2 25.Ng4 Qd2 26.Ne3 Bxf3 27.Rf1 Bxg2 28.Rxe6 h6
29.Re8+ Kh7 30.Nxc2 Bxf1 31.Qf3 Qxc2 32.Qxb7 Bd3 33.Qf3 f5 34.Re7 Be4 35.Qg3 Qc1+
36.Kf2 Qxb2+ 37.Kg1 Qxd4+ 38.Kh2 a5 39.Qe5 Qf2+  0-1

[Event "ch-Euro Blitz"]
[Site "Ajaccio FRA"]
[Date "2007.10.25"]
[Round "14"]
[White "Tkachiev,V"]
[Black "Fressinet,L"]
[Result "0-1"]
[WhiteElo "2661"]
[BlackElo "2654"]

1.d4 d5 2.c4 c6 3.Nf3 Nf6 4.e3 Bg4 5.cxd5 Bxf3 6.Qxf3 cxd5 7.Nc3 Nc6 8.Bd2 e6
9.Bd3 Be7 10.O-O O-O 11.Qe2 Rc8 12.f4 g6 13.Rac1 Nd7 14.Be1 f5 15.g4 Nf6
16.gxf5 gxf5 17.Kh1 Kh8 18.Rg1 Rg8 19.Rxg8+ Qxg8 20.Bh4 Qf7 21.Rg1 Ng4 22.Be1 Rg8
23.Qf3 Qh5 24.Rg2 Qh6 25.Bg3 Bh4 26.Be2 Nb4 27.Bxh4 Qxh4 28.Qg3 Qh6 29.Bxg4 Rxg4
30.Qf3 Qh4 31.Rg3 Nc2 32.Nd1 Ne1 33.Rxg4 Qxh2+ 34.Kxh2 Nxf3+ 35.Kg3 fxg4
36.Kxg4 Nd2 37.f5 Kg7 38.Nc3 Kf6 39.fxe6 Kxe6 40.Kf4 Nc4 41.b3 Nd6 42.Ne2 Ne4
43.Kg4 Kd6 44.Kf4 a5 45.Kg4 b5 46.Kf4 b4 47.Kg4 Nc3 48.Ng3 Nxa2 49.e4 dxe4
50.Nxe4+ Kd5 51.Nc5 Kxd4 52.Nb7 a4 53.bxa4 b3 54.Nd6 Nc3 55.Nf5+ Kd3 56.Kf3  0-1

[Event "ch-Euro Blitz"]
[Site "Ajaccio FRA"]
[Date "2007.10.25"]
[Round "16"]
[White "Tkachiev,V"]
[Black "Mchedlishvili,M"]
[Result "1-0"]
[WhiteElo "2661"]
[BlackElo "2631"]

1.d4 d5 2.c4 c6 3.Nf3 Nf6 4.e3 Bf5 5.cxd5 cxd5 6.Qb3 Qc7 7.Bd2 e6 8.Bb5+ Nc6
9.O-O Bd6 10.Bb4 O-O 11.Bxc6 Bxb4 12.Qxb4 Qxc6 13.Ne5 Qc7 14.Na3 Rfc8 15.h3 Ne8
16.Rfc1 Qxc1+ 17.Rxc1 Rxc1+ 18.Kh2 b6 19.Nb5 Nc7 20.Nc3 f6 21.Nc6 Re8 22.Qd6 Na6
23.Qd7 Rf8 24.Qxa7 Rc2 25.Qxa6 Rxf2 26.Ne7+ Kh8 27.Nxf5 exf5 28.Qxb6 h5 29.Nxd5 Rc8
30.Nc3 Re8 31.d5 Rd2 32.a4 Rd3 33.a5  1-0

[Event "ch-Euro Blitz"]
[Site "Ajaccio FRA"]
[Date "2007.10.26"]
[Round "24"]
[White "Van Wely,L"]
[Black "Tkachiev,V"]
[Result "1/2-1/2"]
[WhiteElo "2679"]
[BlackElo "2661"]

1.d4 d5 2.c4 c6 3.Nf3 Nf6 4.Nc3 e6 5.Bg5 h6 6.Bxf6 Qxf6 7.e3 Nd7 8.Bd3 dxc4
9.Bxc4 g6 10.O-O Bg7 11.Rc1 O-O 12.e4 e5 13.d5 Nb6 14.dxc6 bxc6 15.Be2 Rb8
16.Qc2 h5 17.Rcd1 Be6 18.Nd2 Qe7 19.Nb3 Qb4 20.Nc1 Nc4 21.Nd3 Qa5 22.Na4 Nb6
23.Nc3 c5 24.h3 Rfd8 25.Nc1 c4 26.Rxd8+ Rxd8 27.Rd1 Rd4 28.Bf1 Bh6 29.N1e2 Rxd1
30.Qxd1 Qc5 31.Na4 Nxa4 32.Qxa4 Qb6 33.Qc2 Bf8 34.Nc3 Qd4 35.Nd5 Bxd5 36.exd5 Bc5
37.Bxc4 Kg7 38.d6 Bxd6 39.Qd3 Qxd3  1/2-1/2

[Event "ch-Euro Blitz"]
[Site "Ajaccio FRA"]
[Date "2007.10.26"]
[Round "26"]
[White "Tkachiev,V"]
[Black "Fridman,D2"]
[Result "1-0"]
[WhiteElo "2661"]
[BlackElo "2621"]

1.d4 d5 2.c4 c6 3.Nf3 Nf6 4.e3 Bf5 5.Nc3 e6 6.Nh4 Bg6 7.Be2 Nbd7 8.O-O Bd6
9.g3 O-O 10.Nxg6 hxg6 11.b3 Qe7 12.Bf3 Rad8 13.Qc2 Rfe8 14.Bg2 a6 15.a3 g5
16.Bb2 g4 17.Rfe1 Bb8 18.Rad1 Nh7 19.e4 dxc4 20.bxc4 c5 21.dxc5 Ng5 22.Na4 Ne5
23.Bxe5 Bxe5 24.Qe2 Rxd1 25.Rxd1 f5 26.exf5 exf5 27.c6 bxc6 28.Bxc6 Bf6 29.Qxe7 Rxe7
30.c5 Re2 31.Bg2 Rc2 32.Nb6 Kh7 33.Nd5 Bd4 34.Ne3 Bxe3 35.fxe3 Rxc5 36.Rd5 Rc1+
37.Kf2 Rc2+ 38.Kf1 g6 39.Ra5 Rc1+ 40.Kf2 Rc2+ 41.Kf1 Nh3 42.Bb7 Rxh2 43.Rxa6 Rf2+
44.Ke1 Ra2 45.Bd5 Ra1+ 46.Kd2 Ng5 47.a4 Nf3+ 48.Ke2 Ne5 49.a5 Kh6 50.Ra8 Kg5
51.a6 Nd7 52.Bb7 Nc5 53.Bc8 Ra2+ 54.Kd1 Nd3 55.Bb7 Rb2 56.Rd8 Nf2+ 57.Kc1 Ra2
58.Kb1 Ra5 59.Kb2 Ne4 60.Bxe4 fxe4 61.Rd6 Kf5 62.Kb3 Ke5 63.Rxg6 Kf5 64.Rh6 Kg5
65.Rc6 Ra1 66.Kb4 Kf5 67.Rc5+ Ke6 68.Ra5 Rb1+ 69.Kc5 Rb8 70.a7  1-0

[Event "ch-Euro Blitz"]
[Site "Ajaccio FRA"]
[Date "2007.10.26"]
[Round "29"]
[White "Jussupow,Ar"]
[Black "Tkachiev,V"]
[Result "1/2-1/2"]
[WhiteElo "2583"]
[BlackElo "2661"]

1.d4 d5 2.Nf3 Nf6 3.e3 Bg4 4.c4 c6 5.cxd5 cxd5 6.Qb3 Bxf3 7.Qxb7 Bxg2 8.Bxg2 Nbd7
9.Nc3 e6 10.Qa6 Bb4 11.Bd2 O-O 12.O-O Nb6 13.Ne4 Bxd2 14.Nxd2 Qe7 15.a3 e5
16.dxe5 Qxe5 17.Qb5 Rab8 18.Nf3 Qd6 19.Qb4 Qd7 20.Qd4 Rfe8 21.b3 Qf5 22.Rac1 a5
23.Rc7 Nbd7 24.b4 axb4 25.axb4 Nf8 26.Qa7 Ra8 27.Qb7 Reb8 28.Qc6 Ne6 29.Rb7 Rc8
30.Qd6 Ne4 31.Qe5 Qxe5 32.Nxe5 Rab8 33.Rxb8 Rxb8 34.Rd1 Rxb4 35.Nc6 Ra4 36.Ne7+ Kf8
37.Nxd5 Nf6 38.Nxf6 gxf6 39.h3 Kg7 40.Kh2 Ra2 41.Kg1 Rb2  1/2-1/2

[Event "IV World Blitz"]
[Site "Almaty KAZ"]
[Date "2008.11.08"]
[Round "9"]
[White "Tkachiev,V"]
[Black "Radjabov,T"]
[Result "0-1"]
[WhiteElo "2664"]
[BlackElo "2751"]

1.e4 c5 2.c3 e6 3.d4 d5 4.exd5 exd5 5.Nf3 Nc6 6.Bb5 Bd6 7.dxc5 Bxc5 8.O-O Ne7
9.Nbd2 O-O 10.Nb3 Bd6 11.Bd3 Ng6 12.Bg5 Qc7 13.h3 Nf4 14.Nbd4 Nxd3 15.Qxd3 a6
16.Nf5 Be5 17.Rfe1 Bxf5 18.Qxf5 f6 19.Be3 Rad8 20.Rad1 Qd7 21.Qxd7 Rxd7 22.Bb6 Kf7
23.Rd3 Re8 24.Red1 Ke6 25.Kf1 h5 26.Ke2 Rd6 27.Bc5 Rdd8 28.Bb6 Rd6 29.Re3 Kf7
30.Bd4 Rdd8 31.Bb6 Rd7 32.g3 g5 33.Nd4 Bxd4 34.Bxd4 Rxe3+ 35.Bxe3 Ke6 36.Rh1 Ne5
37.Rd1 Nc4 38.Bc1 Re7 39.Kd3 Ne5+ 40.Kc2 Nf3 41.Be3 Rd7 42.b4 Rd8 43.a4 Rc8
44.Kb3 Rc4 45.b5 h4 46.Ra1 hxg3 47.fxg3 Re4 48.Bb6 Nd2+ 49.Kc2 Nc4 50.Bc5 Re2+
51.Kb3 b6 52.Bd4 Rb2+  0-1

[Event "ch-FRA National A"]
[Site "Nimes FRA"]
[Date "2009.08.17"]
[Round "7"]
[White "Le Roux,JP"]
[Black "Tkachiev,V"]
[Result "0-1"]
[WhiteElo "2485"]
[BlackElo "2650"]

1.d4 Nf6 2.c4 g6 3.Nf3 Bg7 4.g3 d5 5.Bg2 dxc4 6.Qa4+ Nfd7 7.Qxc4 Nc6 8.Bf4 O-O
9.Nbd2 Nb6 10.Qc1 Nxd4 11.Nxd4 Qxd4 12.Qxc7 Nd5 13.Bxd5 Qxd5 14.O-O Bh3 15.e4 Qh5
16.Rfe1 Rad8  0-1

[Event "ch-FRA National A"]
[Site "Nimes FRA"]
[Date "2009.08.21"]
[Round "11"]
[White "Hamdouchi,H"]
[Black "Tkachiev,V"]
[Result "1/2-1/2"]
[WhiteElo "2589"]
[BlackElo "2650"]

1.e4 e5 2.Nf3 Nc6 3.Bb5 Bc5 4.c3 Nf6 5.O-O O-O 6.d4 Bb6 7.Bg5 h6 8.Bxf6 Qxf6
9.Bxc6 Qxc6 10.Nxe5 Qxe4 11.Nd2 Qf4 12.Re1 d6 13.Nd3 Qf5 14.Nc4 Be6 15.Ne3 Qf6
16.g3 c6 17.Nf4 Bd7 18.Nh5 Qg6 19.Nf4 Qf6 20.Nh5 Qg6  1/2-1/2

[Event "85th ch-FRA"]
[Site "Belfort FRA"]
[Date "2010.08.09"]
[Round "1"]
[White "Hamdouchi,H"]
[Black "Tkachiev,V"]
[Result "1-0"]
[WhiteElo "2600"]
[BlackElo "2639"]

1.e4 e5 2.Nf3 Nc6 3.Bb5 Nf6 4.O-O Nxe4 5.d4 Nd6 6.dxe5 Nxb5 7.a4 Nbd4 8.Nxd4 Nxd4
9.Qxd4 d5 10.exd6 Qxd6 11.Qe4+ Qe6 12.Qf3 Bd6 13.Bf4 O-O 14.Bxd6 Qxd6 15.Nc3 c6
16.Rfe1 Qg6 17.Re7 Qxc2 18.Rae1 Qxb2 19.h4 Qb4 20.Qg3 Bf5 21.R1e3 Rad8 22.R7e5 Be6
23.Rg5 Qd4 24.Ree5 g6 25.h5 Qd3 26.Re3 Qd6 27.hxg6 Qxg3 28.gxh7+ Kh8 29.Rexg3 f6
30.Rg6 Rd7 31.Ne4 Rxh7 32.Nxf6 Rh4 33.R3g5 Bf7 34.Rg7 Rh6 35.Rxf7 Rxf6 36.Rxb7 Rxf2
37.Rh5+ Kg8 38.Rg5+ Kh8 39.Rxa7 R8f7 40.Rxf7 Rxf7 41.Rg3 c5 42.Ra3 Kg7 43.a5 Ra7
44.Kf2 Kf6 45.a6 Ke5 46.Ke3 Kd5 47.Ra4 Kc6 48.Kd3 Kb6 49.Kc4 Rg7 50.a7  1-0

[Event "85th ch-FRA"]
[Site "Belfort FRA"]
[Date "2010.08.10"]
[Round "2"]
[White "Tkachiev,V"]
[Black "Fressinet,L"]
[Result "1/2-1/2"]
[WhiteElo "2639"]
[BlackElo "2697"]

1.d4 d5 2.c4 c6 3.cxd5 cxd5 4.Nc3 Nf6 5.Bf4 Nc6 6.e3 Bf5 7.Nf3 e6 8.Qb3 Bb4
9.Ne5 Qb6 10.Nxc6 bxc6 11.Be2 Ne4 12.f3 Nxc3 13.bxc3 Be7 14.O-O O-O 15.c4 c5
16.cxd5 Qxb3 17.axb3 exd5 18.dxc5 Bxc5 19.Ra5 Bb6 20.Rxd5 Be6 21.Rd3 Rfd8
22.Rfd1 Rxd3 23.Rxd3  1/2-1/2

[Event "85th ch-FRA"]
[Site "Belfort FRA"]
[Date "2010.08.11"]
[Round "3"]
[White "Dorfman,I"]
[Black "Tkachiev,V"]
[Result "1/2-1/2"]
[WhiteElo "2583"]
[BlackElo "2639"]

1.d4 d5 2.c4 c6 3.Nf3 Nf6 4.Nc3 e6 5.Bg5 h6 6.Bh4 dxc4 7.e4 g5 8.Bg3 b5 9.Be2 Bg7
10.a4 g4 11.Ng1 b4 12.e5 bxc3 13.exf6 Bxf6 14.bxc3 c5 15.Bxg4 Bb7 16.Bf3 Bd5
17.Bxd5 Qxd5 18.Qf3 Ke7 19.Rb1 cxd4 20.cxd4 Bxd4 21.Rb7+ Nd7 22.Qxd5 exd5
23.Nf3 Bc3+ 24.Kd1 Ke6 25.Kc2 Nc5 26.Rc7 Ne4 27.Rc6+ Kd7 28.Rc7+ Ke6 29.Rc6+ Kd7
30.Rc7+  1/2-1/2

[Event "85th ch-FRA"]
[Site "Belfort FRA"]
[Date "2010.08.13"]
[Round "5"]
[White "Charnushevich,A"]
[Black "Tkachiev,V"]
[Result "1/2-1/2"]
[WhiteElo "2497"]
[BlackElo "2639"]

1.d4 Nf6 2.Nf3 e6 3.e3 c5 4.Bd3 Nc6 5.O-O d5 6.b3 Be7 7.a3 O-O 8.Nbd2 b6
9.Bb2 Bb7 10.Ne5 cxd4 11.exd4 Nxe5 12.dxe5 Nd7 13.b4 a5 14.Qg4 Qc7 15.Nf3 axb4
16.axb4 Rxa1 17.Rxa1 Ra8  1/2-1/2

[Event "85th ch-FRA"]
[Site "Belfort FRA"]
[Date "2010.08.14"]
[Round "6"]
[White "Bricard,E"]
[Black "Tkachiev,V"]
[Result "1/2-1/2"]
[WhiteElo "2478"]
[BlackElo "2639"]

1.g3 e5 2.c4 Nf6 3.Bg2 c6 4.d4 exd4 5.Qxd4 Na6 6.Nf3 Bc5 7.Qe5+ Be7 8.O-O O-O
9.Nc3 Re8 10.Qf4 h6 11.b3 d5 12.cxd5 Nxd5 13.Nxd5 Qxd5 14.Bb2 Bd6 15.Qd4 Qxd4
16.Nxd4 Be5 17.f4 Bxd4+ 18.Bxd4 Rxe2 19.Rae1 Rxe1 20.Rxe1 Be6 21.f5 Bxf5
22.Re7 Rd8 23.Bxa7 Bc8 24.Bf1 Kf8 25.Re1 Be6 26.Bxa6 bxa6 27.Kf2 g5 28.Be3 Ke7
29.Rc1 Kd7 30.Rc5 Kc7 31.h4 f6 32.Ra5 Kb7 33.Ra4 Rd5 34.Re4 Rf5+ 35.Ke2 Bd5
36.Re7+ Kb8 37.Rh7 h5 38.Rg7 gxh4  1/2-1/2

[Event "85th ch-FRA"]
[Site "Belfort FRA"]
[Date "2010.08.17"]
[Round "8"]
[White "Bauer,Ch"]
[Black "Tkachiev,V"]
[Result "1/2-1/2"]
[WhiteElo "2612"]
[BlackElo "2639"]

1.d4 Nf6 2.c4 g6 3.Nc3 Bg7 4.g3 d5 5.cxd5 Nxd5 6.Bg2 Nb6 7.Nf3 Nc6 8.e3 O-O
9.O-O Re8 10.Re1 a5 11.h3 a4 12.Rb1 Ra5 13.Nd2 e5 14.b4 axb3 15.Nxb3 Ra8
16.d5 e4 17.Nxe4 Nxd5 18.Nbc5 Ra7 19.Qb3 Na5 20.Qc2 b6 21.Rd1 c6 22.Na4 Qc7
23.Bb2 Bf5 24.Bxg7 Kxg7 25.g4 Bxe4 26.Bxe4 Nf6 27.Bg2 b5 28.Nc5 h6 29.a4 Nc4
30.Qc3 Qe5 31.Qxe5 Nxe5 32.axb5 cxb5 33.Rxb5 Ree7 34.Nb3 Ra2 35.Nd4 Nc4 36.Rc1 Nd6
37.Rbb1 h5 38.gxh5 Nxh5 39.Rb6 Ne8 40.Bf3 Nhf6 41.Rc2 Rxc2 42.Nxc2 Ne4 43.Nd4 N8f6
44.h4 Ra7 45.Rb2 Ra8 46.Be2 Rh8 47.Nf3 Ng4 48.Bd3 Nexf2 49.Rxf2 Nxf2 50.Kxf2 f5
51.Kg3 Kf6 52.Ne1 Rh7 53.Ng2 Rh8 54.Be2 Rh7 55.Nf4 Rh8 56.Nd5+ Ke5  1/2-1/2

[Event "85th ch-FRA"]
[Site "Belfort FRA"]
[Date "2010.08.18"]
[Round "9"]
[White "Tkachiev,V"]
[Black "Degraeve,JM"]
[Result "1/2-1/2"]
[WhiteElo "2639"]
[BlackElo "2569"]

1.d4 d5 2.c4 c5 3.cxd5 Qxd5 4.e3 cxd4 5.Nc3 Qd6 6.exd4 e6 7.Nf3 Nf6 8.Bc4 Be7
9.O-O Nc6 10.Nb5 Qd8 11.Bf4 O-O 12.Bc7 Qd7 13.Ne5 Nxe5 14.dxe5 Ne8 15.Ba5 b6
16.Bc3 a6 17.Nd4 b5 18.Bb3 Nc7 19.Qg4 Nd5 20.Bd2 Re8 21.Rad1 Bb7 22.Bh6 Bf8
23.Rd3 f5 24.exf6 Nxf6 25.Nxe6 Bd5 26.Rxd5 Nxd5 27.Bxg7 Qxe6 28.Qxe6+ Rxe6
29.Bxd5 Kxg7 30.Bxe6 Rd8 31.Rc1 Rd2 32.g4 Kf6 33.Bb3 a5 34.Rc7 Bd6 35.Rf7+ Kg6
36.Rf5 a4 37.Bf7+ Kg7 38.Rd5 Rxd5 39.Bxd5 b4 40.Kg2 b3 41.axb3 axb3 42.Bxb3 Be5
43.Bc2 Bxb2 44.Bxh7 Kxh7 45.f4 Kg6 46.h4 Bc1 47.Kf3 Bd2 48.f5+ Kf6 49.Ke4 Be1
50.g5+ Kf7 51.h5 Bd2 52.g6+  1/2-1/2

[Event "85th ch-FRA"]
[Site "Belfort FRA"]
[Date "2010.08.20"]
[Round "11"]
[White "Tkachiev,V"]
[Black "Cornette,M"]
[Result "1-0"]
[WhiteElo "2639"]
[BlackElo "2543"]

1.Nf3 Nf6 2.g3 d5 3.Bg2 e6 4.O-O Be7 5.d3 c5 6.Nbd2 Nc6 7.e4 Qc7 8.Re1 b6
9.Nf1 dxe4 10.dxe4 Ba6 11.Bf4 e5 12.Bg5 Rd8 13.N3d2 Bxf1 14.Bxf1 Nxe4 15.Bxe7 Rxd2
16.Qg4 Kxe7 17.Qxe4 Rd4 18.Qf5 g6 19.Qg5+ f6 20.Qh6 Kd8 21.Bh3 Rd6 22.Red1 Re8
23.Rxd6+ Qxd6 24.Bg4 e4 25.Rd1 Nd4 26.c3 f5 27.Bh5 Re6 28.cxd4 gxh5 29.Qg7 h4
30.Qg8+ Kc7 31.Qxh7+ Kb8 32.d5 Re7 33.Qxh4 e3 34.fxe3 Rxe3 35.Qh8+ Kc7 36.Qh7+ Qd7
37.d6+ Kc6 38.Qg8 f4 39.Qd5+ Kb5 40.a4+ Kb4 41.Rc1 Qe6 42.Qxe6 Rxe6 43.Rd1 Re8
44.d7 Rd8 45.gxf4 Kxa4 46.f5 Kb3 47.f6 Kxb2 48.f7 c4 49.f8=Q Rxf8 50.d8=Q Rxd8
51.Rxd8 c3 52.h4 a5 53.h5 a4 54.h6 a3 55.h7 a2 56.Rd1 b5 57.h8=Q b4 58.Qd4 a1=Q
59.Qxb4+  1-0

[Event "29th European Blitz"]
[Site "Warsaw POL"]
[Date "2010.12.17"]
[Round "7"]
[White "Inarkiev,E"]
[Black "Tkachiev,V"]
[Result "0-1"]
[WhiteElo "2667"]
[BlackElo "2636"]

1.e4 e5 2.Nf3 Nc6 3.Bb5 Nf6 4.d3 d6 5.O-O Be7 6.Re1 O-O 7.c3 Re8 8.Nbd2 Bd7
9.Ba4 Bf8 10.Nf1 Ne7 11.Bb3 h6 12.Nh4 Bg4 13.f3 Be6 14.Ne3 d5 15.Nhf5 Qd7
16.Nxe7+ Bxe7 17.d4 exd4 18.exd5 Nxd5 19.Qxd4 Bf6 20.Qd1 Nf4 21.Qxd7 Bxd7
22.Rd1 Bc6 23.Nc4 Ne2+ 24.Kf2 Nxc1 25.Raxc1 b6 26.g3 Re7 27.Rc2 Rae8 28.f4 g5
29.fxg5 hxg5 30.Rcd2 Kg7 31.Rf1 Rh8 32.Kg1 Rh6 33.Rdf2 g4 34.Nd2 Bb5 35.a4 Bxf1
36.Nxf1 Bg5 37.Rf5 Rg6 38.Kf2 Rf6 39.Bd1 Bc1 40.Bxg4 Bxb2 41.c4 Bd4+ 42.Kf3 Re1
43.Bh3 Kg6 44.Kf4 Be5+ 45.Kf3 Bc3 46.Ne3 Bd2  0-1

[Event "29th European Blitz"]
[Site "Warsaw POL"]
[Date "2010.12.17"]
[Round "8"]
[White "Fridman,D"]
[Black "Tkachiev,V"]
[Result "0-1"]
[WhiteElo "2645"]
[BlackElo "2636"]

1.c4 e5 2.Nc3 Nf6 3.Nf3 Nc6 4.e4 d6 5.g3 g6 6.Bg2 Bg7 7.O-O O-O 8.d4 Bg4
9.d5 Nd4 10.Qd3 Bxf3 11.Bxf3 c5 12.dxc6 bxc6 13.b4 Nd7 14.Bg4 f5 15.exf5 gxf5
16.Bh5 e4 17.Qd2 Ne5 18.Kh1 Nxc4 19.Qd1 d5 20.Rb1 a6 21.a4 Rb8 22.Bf4 Rb7
23.Ne2 Nxe2 24.Bxe2 Ne5 25.Bxa6 Ra7 26.b5 Nd3 27.Qc2 cxb5 28.Bxb5 Nxf4 29.gxf4 d4
30.Rg1 Kh8 31.Qc5 Rc7 32.Qb4 d3 33.Rbd1 Rc2 34.Rg2 Qd4 35.Qe7 Rxf2 36.Rdg1 Rxg2
37.Rxg2 d2 38.Be2 d1=Q+ 39.Bxd1 Qxd1+ 40.Rg1 Qd4 41.a5 e3 42.Re1 Qd5+ 43.Kg1 Rg8  0-1